[Event "Wisla Fianchetto op 5th"]
[Site "Wisla"]
[Date "2000.10.14"]
[Round "9.14"]
[White "Kruszek, Piotr"]
[Black "Misiejuk, Zdzislaw"]
[Result "1-0"]
[WhiteElo "2103"]
[BlackElo "2100"]
[PlyCount "75"]
[EventDate "2000.10.??"]
[EventType "swiss"]
[EventRounds "11"]
[EventCountry "POL"]
[SourceTitle "EXT 2005"]
[Source "ChessBase"]
[SourceDate "2004.11.15"]
[SourceVersion "1"]
[SourceVersionDate "2004.11.15"]
[SourceQuality "1"]

1. d4 Nf6 2. c4 c5 3. d5 e6 4. Nc3 exd5 5. cxd5 d6 6. e4 g6 7. Bd3 Bg7 8. Nge2 0-0 9. h3 Re8 10. 0-0 c4 11. Bc2 b5 12. Nxb5 Nxe4 13. Bxe4 Rxe4 14. Nec3 Rh4 15. Re1 Bf5 16. Qe2 Na6 17. Qe7 Qxe7 18. Rxe7 Bf8 19. Rxa7 Rxa7 20. Nxa7 Nb4 21. Bg5 Rd4 22. Nc6 Nxc6 23. dxc6 d5 24. Re1 Kg7 25. Nb5 Re4 26. Rxe4 dxe4 27. c7 f6 28. Be3 Bb4 29. Na7 c3 30. bxc3 Bxc3 31. c8Q Bxc8 32. Nxc8 f5 33. Nb6 Kf7 34. a4 Ke6 35. Nc4 Kd5 36. a5 f4 37. Bxf4 Kxc4 38. a6 1-0

[Event "Wisla Fianchetto op 5th"]
[Site "Wisla"]
[Date "2000.10.12"]
[Round "7.8"]
[White "Kruszek, Piotr"]
[Black "Pietrucha, Ryszard"]
[Result "0-1"]
[WhiteElo "2103"]
[BlackElo "2000"]
[PlyCount "147"]
[EventDate "2000.10.??"]
[EventType "swiss"]
[EventRounds "11"]
[EventCountry "POL"]
[SourceTitle "EXT 2005"]
[Source "ChessBase"]
[SourceDate "2004.11.15"]
[SourceVersion "1"]
[SourceVersionDate "2004.11.15"]
[SourceQuality "1"]

1. d4 Nf6 2. c4 e6 3. Nc3 d5 4. cxd5 exd5 5. Bg5 Be7 6. Qc2 c6 7. e3 Nbd7 8. Bd3 h6 9. Bf4 Nf8 10. Nge2 Ne6 11. Be5 Ng4 12. Bg3 Bd6 13. 0-0 0-0 14. Rae1 Bxg3 15. Nxg3 Bd7 16. f3 Nf6 17. Qf2 Qc7 18. Nf5 Kh8 19. Qh4 Ng8 20. g4 Ng5 21. Ng3 g6 22. f4 Nh7 23. f5 g5 24. Qh3 Rae8 25. Qg2 Nhf6 26. Qf3 Qb6 27. Rf2 Re7 28. Rfe2 Rfe8 29. Na4 Qc7 30. Nc5 b6 31. Nxd7 Qxd7 32. Rc1 Qd6 33. b4 Qxb4 34. Rxc6 Qa3 35. e4 dxe4 36. Bxe4 Qxf3 37. Bxf3 Rxe2 38. Nxe2 Re3 39. Kf2 Ra3 40. Rc2 Kg7 41. d5 Nd7 42. Rd2 Ngf6 43. Nd4 Ra4 44. h3 Nc5 45. Ke2 Nfe4 46. Bxe4 Nxe4 47. Rd3 Rxa2+ 48. Ke3 Nd6 49. Nc6 Kf6 50. Kf3 a5 51. Nb8 b5 52. Re3 Rd2 53. Nd7+ Kg7 54. Nb6 Rd4 55. Ke2 Nc4 56. Nxc4 bxc4 57. Rc3 Kf6 58. d6 Rxd6 59. Rxc4 Ke5 60. Rc5+ Rd5 61. Rc6 Kf4 62. Rxh6 Rb5 63. Ra6 Rb2+ 64. Kd3 Rb3+ 65. Ke2 Rxh3 66. Rxa5 Kxg4 67. f6 Kh5 68. Kf2 Kg6 69. Ra6 Rh4 70. Kg3 Re4 71. Rb6 Re6 72. Rb2 Kxf6 73. Rf2+ Kg6 74. Ra2 0-1

[Event "Wisla Fianchetto op 5th"]
[Site "Wisla"]
[Date "2000.10.11"]
[Round "6.9"]
[White "Narloch, Zbyslaw"]
[Black "Kruszek, Piotr"]
[Result "1/2-1/2"]
[WhiteElo "2000"]
[BlackElo "2103"]
[PlyCount "106"]
[EventDate "2000.10.??"]
[EventType "swiss"]
[EventRounds "11"]
[EventCountry "POL"]
[SourceTitle "EXT 2005"]
[Source "ChessBase"]
[SourceDate "2004.11.15"]
[SourceVersion "1"]
[SourceVersionDate "2004.11.15"]
[SourceQuality "1"]

1. d4 e6 2. c4 Nf6 3. Nc3 d5 4. e3 Nbd7 5. Nf3 c6 6. Qb3 Bd6 7. Bd3 0-0 8. 0-0 Qc7 9. Bd2 dxc4 10. Bxc4 b5 11. Be2 e5 12. g3 a5 13. Rfc1 Qb6 14. Bf1 Ba6 15. Bg2 Rac8 16. a3 Bb8 17. Qc2 c5 18. dxc5 Nxc5 19. b4 Nce4 20. bxa5 Qc7 21. Qb2 Nxd2 22. Nxd2 Qxa5 23. Nce4 Nxe4 24. Nxe4 Rc4 25. Rxc4 bxc4 26. Rc1 Bc7 27. Bf1 Qd5 28. Bg2 Qa5 29. Nd2 Rd8 30. Ne4 Qa4 31. Bf1 Qc6 32. Bg2 h6 33. Qb4 Qb6 34. Qc5 Qb2 35. Re1 Bb6 36. Qb4 Qxb4 37. axb4 f5 38. Nc3 Rd3 39. Rc1 Bd8 40. Bf1 Rd2 41. b5 Bb7 42. Bxc4+ Kf8 43. Rd1 Rxd1+ 44. Nxd1 Ke7 45. Kf1 Kd6 46. Ke2 Kc5 47. Be6 Kxb5 48. Bxf5 Kc5 49. Nc3 Kd6 50. Be4 Ba6+ 51. Kf3 Ba5 52. Ne2 Bd2 53. g4 Bxe2+ 1/2-1/2

[Event "Wisla Fianchetto op 5th"]
[Site "Wisla"]
[Date "2000.10.09"]
[Round "4.8"]
[White "Strzelecki, Jerzy"]
[Black "Kruszek, Piotr"]
[Result "1-0"]
[WhiteElo "2200"]
[BlackElo "2103"]
[PlyCount "133"]
[EventDate "2000.10.??"]
[EventType "swiss"]
[EventRounds "11"]
[EventCountry "POL"]
[SourceTitle "EXT 2005"]
[Source "ChessBase"]
[SourceDate "2004.11.15"]
[SourceVersion "1"]
[SourceVersionDate "2004.11.15"]
[SourceQuality "1"]

1. c4 e5 2. Nc3 Bb4 3. g3 Ne7 4. Bg2 Bxc3 5. dxc3 Nbc6 6. c5 a5 7. Nf3 a4 8. 0-0 0-0 9. e4 Ng6 10. Be3 Nce7 11. Qc2 Qe8 12. Rad1 Nc6 13. Rd2 Qe6 14. a3 f6 15. Rfd1 Rf7 16. Bf1 Ra5 17. Rd5 Qg4 18. Be2 Qh3 19. Bc4 Nf8 20. Nh4 g6 21. f3 Kg7 22. R5d2 Re7 23. Bf2 g5 24. Nf5+ Kh8 25. Nxe7 Nxe7 26. Qd3 Qh5 27. Qe2 Qg6 28. Re1 Kg7 29. Kh1 h5 30. f4 Nc6 31. f5 Qe8 32. Kg2 Ra8 33. Red1 Ra5 34. Be3 Nb8 35. h4 g4 36. Ba2 Nc6 37. Qc4 Ne7 38. Kf2 Ra8 39. Bb1 Qf7 40. Qxf7+ Kxf7 41. Ba2+ Kg7 42. Ra1 Nc6 43. Bd5 Na5 44. b4 axb3 45. Rb2 Ra6 46. Bxb3 Nxb3 47. Rxb3 Kf7 48. Ke2 Nh7 49. Rb4 Ra5 50. Kd3 Ke7 51. Kc4 Nf8 52. Kb3 Kd8 53. Ra4 Rxa4 54. Kxa4 Ke8 55. Kb5 Ke7 56. Rb1 Ke8 57. Bh6 Nh7 58. Rb4 Kd8 59. Ra4 d5 60. exd5 Bd7+ 61. c6 bxc6+ 62. dxc6 Bxf5 63. Ra8+ Ke7 64. Kc5 Bc2 65. Rc8 f5 66. Rxc7+ Ke6 67. Rxh7 1-0